000 00694nam a2200277Ia 4500
008 170203s9999 xx 000 0 und d
020 _a0-590457810
050 _aFic
050 _bM365t
100 _aMarshall, James.
245 4 _aThe three little pigs /
245 _cretold and illustrated by James Marshall.
260 _aNew York :
260 _bScholastic Inc.
260 _c1992
300 _a32 unnumbered pages :
300 _bcolor illustrations ;
300 _c27 cm
440 _aReady-to-go classroom library.,
440 _vGrade 1.
650 _aFolklore.
650 _aFolklore.
650 _aFolklore.
650 _xPigs --
650 _xSwine --
999 _c306619
_d306619